• 首页
  • 本馆介绍
  • 公告通知
  • 最新文献
  • 馆藏检索
  • 电子资源
  • 读者导购
  • 参考咨询
  • 我的图书馆
  • 登录
  • 详细信息显示
  • 放入我的书架
  • 预约/预借图书
  • 作者相关作品
  • 分类相关作品
  • 丛书相关作品
  • 出版社相关作品

书目信息

  • 表格格式
  • 工作单格式
  • 卡片格式
题名:
全国公安机关警民关系建设优秀案例选编
    
 
作者: 公安部宣传局 编
分册:  
出版信息: 北京   中国人民公安大学出版社  2017.1
页数:
开本: 21cm
丛书名:
单 册:
中图分类: D631.19
科图分类:
主题词: 警察--军民关系--案例--中国
电子资源:
ISBN: 978-7-5653-2831-2
000 01180nam0 2200229 450
001 012001003730
005 20140926114741.0
010    @a978-7-5653-2831-2@dCNY25.00
100    @a20170103d2017 em y0chiy0110 ea
101 0  @achi
102    @aCN@b110000
105    @ay z 000yy
106    @ar
200 1  @a全国公安机关警民关系建设优秀案例选编@9quan guo gong an ji guan jing min guan xi jian she you xiu an li xuan bian@f公安部宣传局编
210    @a北京@c中国人民公安大学出版社@d2017.1
215    @d21cm
330    @a2015年10月,公安部宣传局在京成功举办了全国公安机关警民关系建设培训班。课程内容紧贴工作实际、围绕新时期警民关系建设工作的创新发展,采取高端授课、案例互动等方式,邀请国内外、境内外、公安系统内外的知名专家、警界同行和互联网企业代表,立足“互联网+公安宣传”、公安新媒体运用、警民关系品牌活动、平安共同体建设等一系列新概念,打造精品课程,开展交流研讨,获得普遍好评。为进一步扩大培训覆盖面,固化培训成果,应广大学员要求,现将有关课程内容编辑整理成书,供各地学习借鉴。
606 0  @a警察@x军民关系@x案例@y中国
690    @aD631.19@v5
701  0 @a公安部宣传局@9gong an bu xuan chuan ju@4编
801  0 @aCN@b上海新华@c20180901
905    @b1165041-5@dD631.19@e369@f5
    
    全国公安机关警民关系建设优秀案例选编/公安部宣传局编.-北京:中国人民公安大学出版社,2017.1
    21cm
    
    
    ISBN 978-7-5653-2831-2:CNY25.00
    2015年10月,公安部宣传局在京成功举办了全国公安机关警民关系建设培训班。课程内容紧贴工作实际、围绕新时期警民关系建设工作的创新发展,采取高端授课、案例互动等方式,邀请国内外、境内外、公安系统内外的知名专家、警界同行和互联网企业代表,立足“互联网+公安宣传”、公安新媒体运用、警民关系品牌活动、平安共同体建设等一系列新概念,打造精品课程,开展交流研讨,获得普遍好评。为进一步扩大培训覆盖面,固化培训成果,应广大学员要求,现将有关课程内容编辑整理成书,供各地学习借鉴。
●
相关链接 在E读中查询图书 在五车中查询图书 在当当中查询图书 在豆瓣中查询图书


正题名:全国公安机关警民关系建设优秀案例选编     索取号:D631.19/369         预约/预借

序号 登录号 条形码 馆藏地/架位号 状态 备注
1 1165041   211650417   第一样本阅览室/ [索取号:D631.19/369] 在馆    
2 1165042   211650426   第一借阅区/ [索取号:D631.19/369] 在馆    
3 1165043   211650435   密集书库-史法系/ [索取号:D631.19/369] 在馆    
4 1165044   211650444   第一借阅区/ [索取号:D631.19/369] 在馆    
5 1165045   211650453   第一借阅区/ [索取号:D631.19/369] 在馆    
唐山师范学院图书馆 欢迎您!
大连网信软件有限公司© 版权所有